000 00615nam a2200193 i 4500
001 38215
003 ES-MaACL
005 20260203063030.0
007 t|
008 030224s1926 sp |||| | spa d
100 1 _aCabré Aguiló, Juan,
_d1882-1947
_933266
245 1 4 _aLas estilizaciones de aves y caballos de Azaila /
_cJuan Cabré Aguiló.
260 _aMadrid :
_bJosé Molina,
_c[1926]
300 _a27 p. :
_bil. ;
_c24 cm.
650 7 _aArte ibérico
_2embne
_9149159
651 4 _aTeruel (Provincia)-
_xRestos arqueológicos.
_9151275
852 _aES-MaACL
_j1711-F-6
999 _c38215
_d38215